India's maratha / (Record no. 166498)

MARC details
000 -LEADER
fixed length control field 00458nam a22001697a 4500
010 ## - LCCN (DPL NO)
LC control number ENG-126079
020 ## - INTERNATIONAL STANDARD BOOK NUMBER
International Standard Book Number 978-93-80203-18-8
Terms of availability 995.00
035 ## - SYSTEM CONTROL NUMBER
System control number EN-109611
037 ## - SOURCE OF ACQUISITION
Source of stock number/acquisition DBAD/PUB
082 ## - DEWEY DECIMAL CLASSIFICATION NUMBER
Classification number 954
100 ## - MAIN ENTRY--PERSONAL NAME
Personal name Mishra, A.K.
245 ## - TITLE STATEMENT
Title India's maratha /
Statement of responsibility, etc by A.K. Mishra
260 ## - PUBLICATION, DISTRIBUTION, ETC. (IMPRINT)
Place of publication, distribution, etc Delhi
Name of publisher, distributor, etc Saroj Books
Date of publication, distribution, etc 2019
270 ## - ADDRESS
Address L-5/45, Kartar Nagar
City Delhi
Postal code -110053
300 ## - PHYSICAL DESCRIPTION
Extent 280p.
Dimensions 22cm(hb)
942 ## - ADDED ENTRY ELEMENTS (KOHA)
Source of classification or shelving scheme Dewey Decimal Classification
Item type English Books
Classification part 954
Call number suffix MIS
Holdings
Withdrawn status Lost status Not for loan Collection code Home library Current library Date acquired Source of acquisition Cost, normal purchase price Full call number Barcode Copy number Cost, replacement price Koha item type
      Non-fiction Shahdara Branch Shahdara Branch 25/07/2019 DBAD/PUB 995.00 954 MIS EN-109611 1 995.00 English Books

© Delhi Public Library
Hit Counter
free hit counter